Qualitive Research Methods in Public Relations and Marketing Communications (Record no. 6824)

MARC details
005 - DATE AND TIME OF LATEST TRANSACTION
control field 20260314083028.0
020 ## - INTERNATIONAL STANDARD BOOK NUMBER
International Standard Book Number 0780415471183
100 ## - MAIN ENTRY--PERSONAL NAME
Author name DAYMON,C
245 ## - TITLE STATEMENT
Title Qualitive Research Methods in Public Relations and Marketing Communications
250 ## - EDITION STATEMENT
Edition statement 2nd Ed.
260 ## - PUBLICATION, DISTRIBUTION, ETC.
Place of publication, distribution, etc. New York
Name of publisher, distributor, etc. Routledge
Date of publication, distribution, etc. 2011
300 ## - PHYSICAL DESCRIPTION
Extent xi,397p;ill;table
Other physical details Reference and Index
Dimensions 23cm
700 ## - ADDED ENTRY--PERSONAL NAME
Other authors/Editors HOLLOWAY,I
942 ## - ADDED ENTRY ELEMENTS (KOHA)
Source of classification or shelving scheme Dewey Decimal Classification
Koha item type Books
Holdings
Date last seen Total checkouts Full call number Barcode Cost, replacement price Price effective from Koha item type Lost status Source of classification or shelving scheme Damaged status Not for loan Withdrawn status Home library Current library Shelving location Date acquired Source of acquisition Cost, normal purchase price
03/14/2026   001.420 DAY MBY0001111 186000.00 03/14/2026 Books   Dewey Decimal Classification       CBE MBEYA CBE MBEYA Special Reserve Collection 02/23/2026 DONATION 62000.00
03/14/2026   001.420 DAY MBY0001112 186000.00 03/14/2026 Books   Dewey Decimal Classification       CBE MBEYA CBE MBEYA General Collection 02/23/2026 DONATION 62000.00